Statistics for Democratic Primary Runner-Ups

Click here to take the quiz!

General Stats

  • This quiz has been taken 57 times
    (27 since last reset)
  • The average score is 7 of 12

Answer Stats

PercentageDateAnswer% Correct
27.7 percent2020Bernie Sanders
100%
43.1 percent2016Bernie Sanders
100%
48.0 percent2008Hillary Clinton
90%
19.4 percent2004John Edwards
71%
30.6 percent1968Robert Kennedy
62%
37.5 percent1980Ted Kennedy
57%
21.4 percent2000Bill Bradley
43%
20.2 percent1992Jerry Brown
43%
15.4 percent1976Jerry Brown
43%
35.9 percent1984Gary Hart
38%
29.3 percent1988Jesse Jackson
38%
25.8 percent1972Hubert Humphrey
19%

Score Distribution

Percentile by Number Answered

Percent of People with Each Score

Your Score History

You have not taken this quiz since the last reset